header

Networking with z/OS and Cisco routers (Record no. 105996)

MARC details
000 -LEADER
fixed length control field 01295nam a22003494a 4500
082 04 - DEWEY DECIMAL CLASSIFICATION NUMBER
Classification number 004.6
100 1# - MAIN ENTRY--AUTHOR NAME
Personal name Rodriguez, Adolfo Francisco.
245 10 - TITLE STATEMENT
Title Networking with z/OS and Cisco routers
250 ## - EDITION STATEMENT
Edition statement 1st ed.
260 ## - PUBLICATION, DISTRIBUTION, ETC. (IMPRINT)
Place of publication Research Triangle Park, NC :
Name of publisher IBM,
Year of publication 2002.
300 ## - PHYSICAL DESCRIPTION
Number of Pages xiv, 356 p. :
Other physical details ill.
490 1# - SERIES STATEMENT
Series statement Redbooks
650 #0 - SUBJECT ADDED ENTRY--TOPICAL TERM
Topical Term Computer networks.
Topical Term Routers (Computer networks)
Topical Term Business enterprises
856 40 - ELECTRONIC LOCATION AND ACCESS
Uniform Resource Identifier http://site.ebrary.com/lib/rucke/Doc?id=10112269

No items available.

© 2026 Rongo University
Contact us: librarian | system librarian | Rongo university